[Event "Bad Woerishofen op"]
[Site "Bad Woerishofen"]
[Date "2000.??.??"]
[Round "1"]
[White "Sebastian, Dirk"]
[Black "Luecke, Volkmar"]
[Result "1-0"]
[WhiteElo "2322"]
[BlackElo "1948"]
[PlyCount "51"]
[EventDate "1998.03.05"]
[Source "ChessBase"]
[SourceDate "1998.04.29"]

1. e4 e6 2. d4 d5 3. Nd2 dxe4 4. Nxe4 Nd7 5. Nf3 Ngf6 6. Nxf6+ Nxf6 7. Bd3 c5
8. dxc5 Bxc5 9. Qe2 O-O 10. Bg5 Be7 11. O-O Nd5 12. Bxe7 Qxe7 13. Qe4 f5 14.
Qe5 Qf6 15. Bc4 Qxe5 16. Nxe5 b6 17. Rfe1 Bb7 18. Nf3 Rfe8 19. Nd4 Kf7 20. Re5
Rad8 21. Rae1 Kf6 22. Rxe6+ Rxe6 23. Rxe6+ Kg5 24. Re5 Nc7 25. Rxf5+ Kg6 26.
Bf7+ 1-0

[Event "Bad Woerishofen op"]
[Site "?"]
[Date "2000.??.??"]
[Round "3"]
[White "Sebastian, Dirk"]
[Black "Hoennekes, Klaus"]
[Result "1-0"]
[WhiteElo "2322"]
[BlackElo "2092"]
[PlyCount "155"]
[EventDate "2000.??.??"]

1. e4 g6 2. d4 Bg7 3. Nc3 c6 4. f4 d5 5. e5 h5 6. Nf3 Bg4 7. Bd3 e6 8. h3 Bxf3
9. Qxf3 h4 10. Ne2 Nh6 11. g4 hxg3 12. Nxg3 Qh4 13. Be3 Nf5 14. Bxf5 gxf5 15.
Bf2 Qh6 16. O-O-O Bf8 17. h4 Nd7 18. h5 O-O-O 19. Ne2 Be7 20. Bh4 Bxh4 21. Rxh4
Rdg8 22. Rg1 Rxg1+ 23. Nxg1 Nf8 24. Ne2 Rg8 25. Rh3 Rg4 26. Qa3 Nd7 27. Kd1 a6
28. Qe7 Qf8 29. Qxf8+ Nxf8 30. Rg3 Rxg3 31. Nxg3 Kd7 32. Ke2 Ke7 33. b3 f6 34.
c4 fxe5 35. dxe5 Kf7 36. Kd3 b6 37. b4 dxc4+ 38. Kxc4 Kg7 39. a4 Kh6 40. a5
bxa5 41. bxa5 Nd7 42. Kb4 Kh7 43. Kc4 Kg7 44. Ne2 c5 45. Ng3 Kh6 46. Nxf5+ exf5
47. e6 Nf6 48. Kxc5 Kxh5 49. Kb6 Nd5+ 50. Kxa6 Kg6 51. Kb7 Nb4 52. Kc7 Kf6 53.
Kd7 Nd5 54. Kd6 Ne7 55. a6 Nc8+ 56. Kc7 Ne7 57. a7 Kxe6 58. a8=Q Nd5+ 59. Kc6
Nxf4 60. Kc5 Ng6 61. Kc4 Kf6 62. Kd4 Nf4 63. Qf3 Ng6 64. Qd5 Kg5 65. Qd7 Kf6
66. Qd8+ Kf7 67. Qg5 Ne7 68. Ke5 Ng6+ 69. Kxf5 Ne7+ 70. Ke5 Ng6+ 71. Kd6 Nf8
72. Qe7+ Kg8 73. Qb7 Kh8 74. Ke5 Kg8 75. Kf6 Nh7+ 76. Kg6 Nf8+ 77. Kh6 Ne6 78.
Qe7 1-0

[Event "Bad Woerishofen op"]
[Site "?"]
[Date "2000.??.??"]
[Round "5"]
[White "Sebastian, Dirk"]
[Black "Schaffarth, Peter"]
[Result "1-0"]
[WhiteElo "2322"]
[BlackElo "2164"]
[PlyCount "103"]
[EventDate "2000.??.??"]

1. e4 d5 2. exd5 Nf6 3. d4 Nxd5 4. c4 Nb6 5. Nf3 Bg4 6. c5 N6d7 7. Bc4 e6 8. h3
Bh5 9. Nc3 Be7 10. Be3 Nc6 11. g4 Bg6 12. Qa4 a6 13. O-O-O O-O 14. d5 exd5 15.
Bxd5 Bxc5 16. Bxc6 Bxe3+ 17. fxe3 bxc6 18. Ne5 Nxe5 19. Rxd8 Rfxd8 20. e4 Nd3+
21. Kb1 Rab8 22. Rh2 Rd6 23. Qxa6 Rbd8 24. Qa5 h6 25. Qxc7 Nb4 26. b3 Nd5 27.
Nxd5 cxd5 28. Rd2 Bxe4+ 29. Kb2 d4 30. Qc4 Bg6 31. a4 d3 32. a5 Rd4 33. Qc3
R4d5 34. b4 f6 35. a6 Kh8 36. h4 Be4 37. Ka3 R8d6 38. Qc4 Rd4 39. Qc8+ Rd8 40.
Qc3 R4d5 41. Qc7 R8d7 42. Qf4 Rd4 43. g5 fxg5 44. hxg5 h5 45. Qh2 g6 46. Qe5+
Kh7 47. b5 Bf3 48. Qb8 Rd8 49. Qg3 Be4 50. Qe5 Bh1 51. Qe7+ Kg8 52. Qe6+ 1-0

[Event "Bad Woerishofen op"]
[Site "?"]
[Date "2000.??.??"]
[Round "7"]
[White "Sebastian, Dirk"]
[Black "Vettel, Matthias"]
[Result "1-0"]
[WhiteElo "2322"]
[BlackElo "2206"]
[PlyCount "71"]
[EventDate "2000.??.??"]

1. e4 e6 2. d4 d5 3. Nd2 Nf6 4. e5 Nfd7 5. Bd3 c5 6. c3 Nc6 7. Ne2 cxd4 8. cxd4
f6 9. exf6 Qxf6 10. Nf3 h6 11. Qc2 Bb4+ 12. Bd2 O-O 13. Bxb4 Nxb4 14. Qd2 Nxd3+
15. Qxd3 Qf5 16. Qd2 Nb6 17. b3 Bd7 18. O-O Rac8 19. Rac1 Bb5 20. Rfe1 Rxc1 21.
Qxc1 Rc8 22. Qe3 Qe4 23. Nc3 Qxe3 24. Rxe3 Bd7 25. Kf1 Na8 26. Ke2 Nc7 27. Kd2
Be8 28. Ne5 Rd8 29. a4 Rd6 30. Ne2 Bc6 31. Nf4 Be8 32. Rc3 Bc6 33. Nfg6 Ne8 34.
Ne7+ Kf8 35. N7xc6 bxc6 36. Rxc6 1-0

[Event "Bad Woerishofen op"]
[Site "?"]
[Date "2000.??.??"]
[Round "9"]
[White "Sebastian, Dirk"]
[Black "Miezis, Normunds"]
[Result "0-1"]
[WhiteElo "2322"]
[BlackElo "2486"]
[PlyCount "107"]
[EventDate "2000.??.??"]

1. e4 c5 2. Nf3 e6 3. d4 cxd4 4. Nxd4 a6 5. Bd3 Nc6 6. Nxc6 dxc6 7. Nd2 e5 8.
Qh5 Bd6 9. Nc4 Nf6 10. Nxd6+ Qxd6 11. Qe2 Be6 12. O-O Nd7 13. b3 O-O 14. a4
Rfd8 15. Ba3 Qc7 16. Rfd1 Nf6 17. Bc5 a5 18. f3 b6 19. Be3 Rd6 20. Qf2 c5 21.
Qg3 Rdd8 22. Bg5 Kf8 23. Qh4 Qe7 24. f4 h6 25. Bxh6 Ng8 26. Bg5 f6 27. Rf1 fxg5
28. fxg5+ Ke8 29. Bb5+ Rd7 30. Qh5+ Kd8 31. Bxd7 Kxd7 32. Rad1+ Kc6 33. Qg6 Kb7
34. Rd2 Rc8 35. Rfd1 Rc6 36. Qh5 c4 37. bxc4 Rxc4 38. Rd8 Rc8 39. Rxc8 Kxc8 40.
Qe2 Kb7 41. h4 g6 42. Kh2 Bd7 43. Qc4 Be6 44. Qb5 Qc7 45. Qe8 Bf7 46. Qf8 Bc4
47. Rd2 Ne7 48. Qe8 Be6 49. Rf2 Qd6 50. Rf8 Kc7 51. Rh8 Bd7 52. Qd8+ Kc6 53.
Rh7 Qd2 54. Rf7 0-1

[Event "Bad Woerishofen op"]
[Site "Bad Woerishofen"]
[Date "2000.??.??"]
[Round "1"]
[White "Seidel, Sandra"]
[Black "Schaefer, Michael"]
[Result "0-1"]
[WhiteElo "1803"]
[BlackElo "2215"]
[PlyCount "84"]
[EventDate "1998.03.05"]
[Source "ChessBase"]
[SourceDate "1998.04.29"]

1. d4 Nf6 2. c4 g6 3. Nc3 d5 4. cxd5 Nxd5 5. e4 Nxc3 6. bxc3 Bg7 7. Bc4 c5 8.
Ne2 O-O 9. O-O Nc6 10. Be3 Bg4 11. f3 Na5 12. Bxf7+ Rxf7 13. fxg4 Rxf1+ 14.
Kxf1 cxd4 15. cxd4 e5 16. d5 Nc4 17. Qd3 b5 18. Kg1 Nxe3 19. Qxe3 Qb6 20. Qxb6
axb6 21. Kf2 Bf8 22. Nc1 Bc5+ 23. Ke2 Ra4 24. Kf3 Rc4 25. Ne2 Rc2 26. a4 b4 27.
a5 bxa5 28. Rxa5 b3 29. Rb5 b2 30. Rb3 Ba3 31. Kf2 Rc4 32. d6 Kf7 33. d7 Ke7
34. Rd3 Kd8 35. Rd1 Rc1 36. Rxc1 bxc1=Q 37. Nxc1 Bxc1 38. h4 h6 39. Ke2 Kxd7
40. Kd3 Kc6 41. Kc4 Bf4 42. Kb4 h5 0-1

[Event "Bad Woerishofen op"]
[Site "?"]
[Date "2000.??.??"]
[Round "3"]
[White "Seidel, Sandra"]
[Black "Marotzke, Stefan"]
[Result "1-0"]
[WhiteElo "1803"]
[BlackElo "1674"]
[PlyCount "35"]
[EventDate "2000.??.??"]

1. d4 d5 2. c4 e6 3. Nc3 Nf6 4. e3 Be7 5. Nf3 O-O 6. Be2 b6 7. O-O Bb7 8. b3
Nbd7 9. Bb2 c5 10. Rc1 cxd4 11. Nxd4 Nc5 12. cxd5 Nxd5 13. Nxd5 Bxd5 14. b4 Ne4
15. a3 Bf6 16. f3 Nd6 17. e4 Bxd4+ 18. Qxd4 1-0

[Event "Bad Woerishofen op"]
[Site "?"]
[Date "2000.??.??"]
[Round "5"]
[White "Seidel, Sandra"]
[Black "Hoennekes, Klaus"]
[Result "1/2-1/2"]
[WhiteElo "1803"]
[BlackElo "2092"]
[PlyCount "120"]
[EventDate "2000.??.??"]

1. d4 g6 2. c4 f5 3. g3 Nf6 4. Bg2 Bg7 5. Nf3 d6 6. Nc3 O-O 7. O-O Na6 8. a3 c5
9. Nd5 Ne4 10. Rb1 Rb8 11. Nc3 Nf6 12. d5 Nc7 13. b4 Nd7 14. Bd2 b6 15. Na2 Ba6
16. b5 Bc8 17. a4 Nf6 18. Bc3 e5 19. a5 Qe8 20. axb6 axb6 21. Nc1 h6 22. Nb3 g5
23. Ra1 e4 24. Ne1 f4 25. Ra7 Rf7 26. Qc1 Rb7 27. Rxb7 Bxb7 28. Bxf6 Bxf6 29.
gxf4 gxf4 30. Qxf4 Be5 31. Qxe4 Rf4 32. Qd3 Qh5 33. e3 Rg4 34. f4 Bf6 35. Qe2
Nxb5 36. Kh1 Nc3 37. Qc2 Rg7 38. Bf3 Qh3 39. Bg2 Qxe3 40. Qf5 Qe7 41. Qe6+ Qxe6
42. dxe6 Bxg2+ 43. Nxg2 d5 44. cxd5 Nxd5 45. Rd1 Rxg2 46. Rxd5 Rc2 47. Nd2 Be7
48. f5 Kf8 49. Ne4 Re2 50. Nd6 Rf2 51. Nc8 Bh4 52. Nxb6 Rc2 53. Nd7+ Ke7 54.
Nxc5 Ke8 55. Nd7 Re2 56. Ra5 Rf2 57. Rd5 Bg5 58. Nc5 Rf4 59. Kg2 h5 60. Nd3
Rg4+ 1/2-1/2

[Event "Bad Woerishofen op"]
[Site "?"]
[Date "2000.??.??"]
[Round "7"]
[White "Seidel, Sandra"]
[Black "Dittler, Volkfried"]
[Result "0-1"]
[WhiteElo "1803"]
[BlackElo "1654"]
[PlyCount "62"]
[EventDate "2000.??.??"]

1. d4 Nf6 2. c4 e6 3. Nc3 Bb4 4. Qc2 c5 5. dxc5 Bxc5 6. Nf3 Nc6 7. e3 O-O 8.
Be2 d5 9. cxd5 exd5 10. O-O Re8 11. Rd1 Nb4 12. Qb1 g6 13. Bd3 Nxd3 14. Qxd3
Bf5 15. Qb5 Rc8 16. Qxb7 Re7 17. Qa6 Rd7 18. h3 Ne4 19. Nb5 Bb6 20. Nbd4 Nc5
21. Qe2 Be4 22. b3 Ne6 23. Bb2 Ng5 24. Nxg5 Qxg5 25. Nf3 Qh5 26. Rac1 Rdc7 27.
Rxc7 Bxc7 28. Qa6 Qf5 29. Nd4 Qd7 30. Rc1 Rb8 31. Qxa7 Bh2+ 0-1

[Event "Bad Woerishofen op"]
[Site "?"]
[Date "2000.??.??"]
[Round "9"]
[White "Seidel, Sandra"]
[Black "Lecheler, Rudolf"]
[Result "1/2-1/2"]
[WhiteElo "1803"]
[BlackElo "1721"]
[PlyCount "39"]
[EventDate "2000.??.??"]

1. d4 d5 2. c4 e6 3. Nf3 Nf6 4. Bg5 Nbd7 5. cxd5 exd5 6. e3 Be7 7. Bd3 O-O 8.
O-O Re8 9. Nc3 c6 10. Rb1 Nf8 11. Ne5 Ng6 12. Bxf6 Bxf6 13. Nxg6 hxg6 14. b4 b6
15. Na4 Qd6 16. b5 cxb5 17. Rxb5 Bd7 18. Rb1 Qa3 19. Bc2 Rac8 20. Bb3 1/2-1/2

[Event "Bad Woerishofen op"]
[Site "?"]
[Date "2000.??.??"]
[Round "4"]
[White "Seifert, Dierk"]
[Black "Gerhards, Walter"]
[Result "1/2-1/2"]
[WhiteElo "2167"]
[BlackElo "1900"]
[PlyCount "99"]
[EventDate "2000.??.??"]

1. c4 Nf6 2. g3 c5 3. Bg2 Nc6 4. Nc3 d6 5. d3 g6 6. a3 Bg7 7. Rb1 Bd7 8. b4 Qc8
9. b5 Nd4 10. e3 Nf5 11. Nge2 h5 12. h3 Rb8 13. Bd2 e6 14. O-O e5 15. Kh2 Nh6
16. f4 h4 17. gxh4 Nf5 18. fxe5 dxe5 19. Nd5 Nxd5 20. Bxd5 Be6 21. e4 Nxh4 22.
Ng1 Bxd5 23. cxd5 f6 24. Nf3 b6 25. Nxh4 Rxh4 26. Qf3 Rh5 27. Qg3 Ke7 28. Rf3
g5 29. Rf5 Qg8 30. Rbf1 Rf8 31. Bc3 Qh8 32. a4 Qh6 33. Kg2 Rh8 34. Rh1 Rh4 35.
Rff1 Qh5 36. Qf3 g4 37. hxg4 Qxg4+ 38. Qxg4 Rxg4+ 39. Kf3 Rf4+ 40. Kg3 Bh6 41.
Rxf4 Bxf4+ 42. Kg2 Rxh1 43. Kxh1 Bg5 44. Kg2 Kd6 45. Kf3 f5 46. exf5 Kxd5 47.
Kg4 Bf6 48. Kh5 c4 49. Kg6 Bd8 50. dxc4+ 1/2-1/2

[Event "Bad Woerishofen op"]
[Site "?"]
[Date "2000.??.??"]
[Round "6"]
[White "Seifert, Dierk"]
[Black "Luett, Michael"]
[Result "1/2-1/2"]
[WhiteElo "2167"]
[BlackElo "2090"]
[PlyCount "62"]
[EventDate "2000.??.??"]

1. c4 e5 2. g3 Nc6 3. Bg2 f5 4. e3 Nf6 5. d4 Bb4+ 6. Bd2 Bxd2+ 7. Qxd2 exd4 8.
exd4 Qe7+ 9. Ne2 Ne4 10. Qe3 Nb4 11. Qb3 a5 12. a3 Nc6 13. O-O O-O 14. c5+ Kh8
15. Qe3 d6 16. f3 Nf6 17. Qxe7 Nxe7 18. cxd6 cxd6 19. Nec3 Bd7 20. Re1 Rae8 21.
f4 Nc6 22. Nd2 Nxd4 23. Nc4 d5 24. Rxe8 Rxe8 25. Nd6 Re6 26. Nxb7 Rb6 27. Nxd5
Ne2+ 28. Kf1 Nxd5 29. Bxd5 Rxb2 30. Ra2 Rxa2 31. Bxa2 Nc3 1/2-1/2

[Event "Bad Woerishofen op"]
[Site "?"]
[Date "2000.??.??"]
[Round "8"]
[White "Seifert, Dierk"]
[Black "Sandner, Gunter"]
[Result "0-1"]
[WhiteElo "2167"]
[BlackElo "2361"]
[PlyCount "114"]
[EventDate "2000.??.??"]

1. c4 Nf6 2. g3 e5 3. Bg2 d5 4. cxd5 Nxd5 5. Nc3 Be6 6. Nf3 Nc6 7. O-O Be7 8.
d4 exd4 9. Nxd4 Nxc3 10. bxc3 Nxd4 11. cxd4 c6 12. Qa4 O-O 13. Rd1 a6 14. Rb1
b5 15. Qc2 Rc8 16. Be3 Bd5 17. a4 b4 18. Rbc1 Qd7 19. Qd3 Qb7 20. Bf4 Bxg2 21.
Kxg2 Rfd8 22. e4 Bf6 23. Qc4 h6 24. f3 a5 25. Be3 Bg5 26. f4 Be7 27. Rd2 Bf8
28. Rdd1 Qe7 29. Qd3 Re8 30. Kf3 h5 31. h3 g6 32. Bf2 b3 33. Re1 Rb8 34. g4
hxg4+ 35. hxg4 Qd7 36. Rb1 c5 37. Rxb3 Qxa4 38. Rc3 cxd4 39. Bxd4 Red8 40. Rc4
Rb3 41. Rxa4 Rxd3+ 42. Be3 Bb4 43. Re2 Rc8 44. Kg2 Rcc3 45. Bf2 Ra3 46. Rxa3
Bxa3 47. Bb6 Bb4 48. Ra2 Rd2+ 49. Rxd2 Bxd2 50. f5 a4 51. e5 Bc3 52. Bc5 Bb2
53. Kf3 a3 54. Bxa3 Bxa3 55. g5 Bc1 56. e6 fxe6 57. fxe6 Bxg5 0-1

[Event "Bad Woerishofen op"]
[Site "?"]
[Date "2000.??.??"]
[Round "3"]
[White "Seifert, Frank"]
[Black "Bretscher, Robert"]
[Result "1-0"]
[WhiteElo "1788"]
[BlackElo "1625"]
[PlyCount "77"]
[EventDate "2000.??.??"]

1. d4 d5 2. c4 e6 3. Nc3 Nf6 4. cxd5 exd5 5. Bg5 Be7 6. e3 O-O 7. Bd3 Nbd7 8.
Nf3 h6 9. Bh4 c6 10. Qc2 Re8 11. O-O Nf8 12. Rab1 Nh5 13. Bxe7 Rxe7 14. b4 a6
15. a4 b5 16. a5 Qd6 17. Rfc1 Bb7 18. Ne2 Nf6 19. Ne5 Rc7 20. Nf4 Ne6 21. Nxe6
Qxe6 22. Be2 Qd6 23. Nd3 Re8 24. Nc5 Bc8 25. Bd3 Nd7 26. Nxd7 Bxd7 27. Qd2 Qf6
28. Qc2 Qd6 29. Rb3 Rec8 30. Qb1 Qf6 31. Rbc3 Qg5 32. Kh1 Qf6 33. Qc2 Qd6 34.
Rc5 Qf6 35. Rb1 Re8 36. Rxd5 Be6 37. Rc5 Bd7 38. Rc1 g6 39. Be4 1-0

[Event "Bad Woerishofen op"]
[Site "?"]
[Date "2000.??.??"]
[Round "4"]
[White "Seifert, Frank"]
[Black "Doell, Detlef"]
[Result "1/2-1/2"]
[WhiteElo "1788"]
[BlackElo "2093"]
[PlyCount "111"]
[EventDate "2000.??.??"]

1. d4 Nf6 2. c4 c5 3. d5 e5 4. Nc3 d6 5. e4 a6 6. g3 g6 7. Bg2 Bg7 8. Nge2 O-O
9. O-O Nh5 10. f4 exf4 11. Nxf4 Nxf4 12. Bxf4 Qe7 13. Qd2 Nd7 14. Rae1 Ne5 15.
b3 Bd7 16. Bg5 Qe8 17. Nd1 b5 18. Nb2 b4 19. Bf6 Bxf6 20. Rxf6 Qe7 21. Ref1 a5
22. Nd3 Nxd3 23. Qxd3 a4 24. Qd2 Qe5 25. Qf4 Qxf4 26. gxf4 axb3 27. axb3 Ra6
28. e5 Bf5 29. Re1 Re8 30. Be4 Bxe4 31. Rxe4 Kg7 32. Re1 g5 33. fxg5 Ra2 34.
Rxd6 Rb2 35. Re3 Ra8 36. Rf6 Ra1+ 37. Rf1 Raa2 38. Rg3 Re2 39. Rd1 Rxh2 40. d6
Rhd2 41. Rxd2 Rxd2 42. Rf3 Kf8 43. Kf1 Ke8 44. Ke1 Rg2 45. Rf5 Rb2 46. Rf3 Rg2
47. Rf5 Rg3 48. e6 fxe6 49. Rxc5 Kd7 50. Rc7+ Kxd6 51. Rxh7 Rxb3 52. Rb7 Rg3
53. Rxb4 Rxg5 54. Rb6+ Kd7 55. Kd2 Rg3 56. Ra6 1/2-1/2

[Event "Bad Woerishofen op"]
[Site "?"]
[Date "2000.??.??"]
[Round "6"]
[White "Seifert, Frank"]
[Black "Emami, Madjid"]
[Result "0-1"]
[WhiteElo "1788"]
[BlackElo "2154"]
[PlyCount "62"]
[EventDate "2000.??.??"]

1. d4 c6 2. c4 g6 3. Nc3 Bg7 4. e4 d6 5. Be2 Nd7 6. Bg5 Qa5 7. Qd2 e5 8. d5 h6
9. Be3 Ngf6 10. f3 cxd5 11. cxd5 a6 12. Rb1 Qd8 13. Nh3 Nh5 14. O-O g5 15. Nf2
Nf4 16. Rfc1 h5 17. Bf1 g4 18. g3 Ng6 19. fxg4 h4 20. gxh4 Qxh4 21. h3 Nf6 22.
Bg2 Nf4 23. Ne2 Nxh3+ 24. Bxh3 Bxg4 25. Bxg4 Nxg4 26. Nxg4 Qxg4+ 27. Kf1 Qf3+
28. Ke1 Rh1+ 29. Bg1 Bh6 30. Qb4 Be3 31. Qa4+ b5 0-1

[Event "Bad Woerishofen op"]
[Site "?"]
[Date "2000.??.??"]
[Round "9"]
[White "Seifert, Frank"]
[Black "Muench, Werner"]
[Result "1-0"]
[WhiteElo "1788"]
[BlackElo "1703"]
[PlyCount "91"]
[EventDate "2000.??.??"]

1. d4 d5 2. c4 c6 3. cxd5 cxd5 4. Nc3 Nc6 5. Bf4 e6 6. e3 Nf6 7. Bd3 Bd6 8.
Bxd6 Qxd6 9. f4 Bd7 10. Nf3 Rc8 11. a3 Na5 12. Ne5 b6 13. O-O g6 14. g4 h5 15.
gxh5 Rxh5 16. Nxg6 Rh6 17. Ne5 Ke7 18. Rf2 Rg8+ 19. Rg2 Qb8 20. Qe2 Nb7 21. Kh1
Nd6 22. Rxg8 Qxg8 23. Rg1 Qh8 24. Rg5 Nde4 25. Nxe4 Nxe4 26. Bxe4 dxe4 27. Qg2
Be8 28. Kg1 Rh3 29. Rg7 Kf8 30. Rg3 Rxg3 31. Qxg3 Qh5 32. Qg4 Qh6 33. h4 f6 34.
Nc4 Kf7 35. Nd6+ Ke7 36. Nxe8 Kxe8 37. Qxe6+ Kf8 38. Qc8+ Kf7 39. Qb7+ Kf8 40.
Qa8+ Kf7 41. Qxa7+ Kf8 42. Qa8+ Kf7 43. Qd5+ Kf8 44. Qd6+ Kf7 45. Qd7+ Kf8 46.
Qg4 1-0

[Event "Bad Woerishofen op"]
[Site "Bad Woerishofen"]
[Date "2000.??.??"]
[Round "2"]
[White "Seifert, Volker"]
[Black "Braun, Peter"]
[Result "0-1"]
[WhiteElo "2108"]
[BlackElo "2268"]
[PlyCount "64"]
[EventDate "1998.03.05"]
[Source "ChessBase"]
[SourceDate "1998.04.29"]

1. d4 Nf6 2. c4 e6 3. Nc3 Bb4 4. Qc2 Nc6 5. e3 e5 6. d5 Ne7 7. Nge2 a5 8. g3 d6
9. Bg2 O-O 10. O-O Bd7 11. b3 h6 12. a3 Bc5 13. Rb1 Bf5 14. e4 Bd7 15. b4 axb4
16. axb4 Ba7 17. Qb3 Ng6 18. Ba3 Qe7 19. h3 Nh5 20. Rbc1 Kh8 21. Kh2 Qg5 22. c5
f5 23. exf5 Bxf5 24. Nb5 Bb8 25. cxd6 cxd6 26. Nc7 Bxc7 27. Rxc7 Qd2 28. Bf3
Nf6 29. Rd1 Rxa3 30. Qxa3 Qxd1 31. g4 Be4 32. Nf4 Qd2 0-1

[Event "Bad Woerishofen op"]
[Site "?"]
[Date "2000.??.??"]
[Round "4"]
[White "Seifert, Volker"]
[Black "Sislian, Hanno"]
[Result "1-0"]
[WhiteElo "2108"]
[BlackElo "2250"]
[PlyCount "71"]
[EventDate "2000.??.??"]

1. d4 Nf6 2. c4 g6 3. Nc3 d5 4. cxd5 Nxd5 5. e4 Nxc3 6. bxc3 Bg7 7. Bc4 c5 8.
Ne2 O-O 9. O-O Nc6 10. Be3 Bg4 11. f3 Na5 12. Bd5 cxd4 13. cxd4 Bc8 14. a4 e6
15. Ba2 b6 16. Rc1 Ba6 17. d5 exd5 18. Bxd5 Rc8 19. Re1 Nc4 20. Bd4 Nb2 21. Qb3
Nd3 22. Rxc8 Qxc8 23. Rd1 Nc5 24. Qa2 Bxe2 25. Qxe2 Nxa4 26. e5 Nc3 27. Bxc3
Qxc3 28. f4 a5 29. Kh1 Kh8 30. Qb5 Qe3 31. Qc4 Bh6 32. Bxf7 b5 33. Qd5 Bxf4 34.
e6 Rc8 35. Qxb5 Rc1 36. Qb2+ 1-0

[Event "Bad Woerishofen op"]
[Site "?"]
[Date "2000.??.??"]
[Round "6"]
[White "Seifert, Volker"]
[Black "Schaller, Sven"]
[Result "1/2-1/2"]
[WhiteElo "2108"]
[BlackElo "2308"]
[PlyCount "156"]
[EventDate "2000.??.??"]

1. d4 Nf6 2. c4 e6 3. Nc3 d5 4. cxd5 exd5 5. Bg5 Be7 6. e3 Nbd7 7. Bd3 O-O 8.
Nf3 Re8 9. O-O c6 10. Qc2 Nf8 11. Rab1 a5 12. a3 Bg4 13. Ne5 Bh5 14. h3 Bg6 15.
Nxg6 hxg6 16. b4 Ne6 17. Bxf6 gxf6 18. Na4 axb4 19. axb4 b5 20. Nc3 Qd7 21. h4
f5 22. h5 Kg7 23. g3 Rh8 24. hxg6 fxg6 25. Kg2 Ng5 26. Ne2 Ne4 27. f3 Nd6 28.
Rh1 Nc4 29. Bxc4 Rxh1 30. Rxh1 bxc4 31. Qd2 Bg5 32. Nf4 Bxf4 33. gxf4 Qe7 34.
Qc3 Ra2+ 35. Kg3 Re2 36. Re1 Rxe1 37. Qxe1 Qa7 38. e4 Qe7 39. e5 g5 40. Qe3
gxf4+ 41. Qxf4 Kg6 42. Qd2 Qf8 43. f4 Qh6 44. Qd1 Kf7 45. Qa4 Qg6+ 46. Kf2 Qg4
47. Qxc6 Qxf4+ 48. Kg2 Qd2+ 49. Kf3 Qd3+ 50. Kg2 Qe2+ 51. Kh3 Qh5+ 52. Kg2 Qg6+
53. Qxg6+ Kxg6 54. b5 c3 55. b6 c2 56. b7 c1=Q 57. b8=Q Qd2+ 58. Kf3 Qd3+ 59.
Kg2 Qe2+ 60. Kh3 Qf3+ 61. Kh2 Qf2+ 62. Kh3 Qe3+ 63. Kg2 Qg5+ 64. Kh2 Qh4+ 65.
Kg2 f4 66. Qd6+ Kf5 67. Qxd5 Qg3+ 68. Kf1 f3 69. e6+ Kg6 70. Qe4+ Kh6 71. Qe3+
Kh7 72. Qe4+ Kg8 73. Qa8+ Kg7 74. Qb7+ Kh6 75. Qb2 Qh3+ 76. Kg1 Qg3+ 77. Kf1
Qh3+ 78. Kg1 Qg3+ 1/2-1/2

[Event "Bad Woerishofen op"]
[Site "?"]
[Date "2000.??.??"]
[Round "8"]
[White "Seifert, Volker"]
[Black "Florea, Dan"]
[Result "1/2-1/2"]
[WhiteElo "2108"]
[BlackElo "2274"]
[PlyCount "80"]
[EventDate "2000.??.??"]

1. d4 Nf6 2. c4 e6 3. Nc3 Bb4 4. Qc2 c5 5. dxc5 O-O 6. a3 Bxc5 7. Nf3 a6 8. Bg5
Be7 9. e3 d6 10. Be2 b6 11. O-O Bb7 12. Rfd1 Qc7 13. Rac1 Nbd7 14. b4 Rac8 15.
Nd4 Qb8 16. Qb3 Rfe8 17. f3 Bd8 18. e4 Bc7 19. h3 h6 20. Bh4 Nh5 21. Bf1 g5 22.
Bf2 Ndf6 23. Nc2 Rcd8 24. Ne3 Nf4 25. Rc2 h5 26. Rcd2 Ng6 27. Be2 Kg7 28. Na4
Ne5 29. c5 dxc5 30. bxc5 b5 31. Nb2 Rxd2 32. Rxd2 Rd8 33. Qd1 g4 34. Rxd8 Qxd8
35. Qxd8 Bxd8 36. hxg4 hxg4 37. Bg3 Ned7 38. Nd3 gxf3 39. gxf3 Be7 40. Bd6 Bxd6
1/2-1/2

[Event "Bad Woerishofen op"]
[Site "Bad Woerishofen"]
[Date "2000.??.??"]
[Round "1"]
[White "Semmler, Guenther"]
[Black "Bretscher, Robert"]
[Result "1-0"]
[WhiteElo "2130"]
[BlackElo "1625"]
[PlyCount "55"]
[EventDate "1998.03.05"]
[Source "ChessBase"]
[SourceDate "1998.04.29"]

1. Nf3 Nf6 2. d4 d5 3. e3 Bg4 4. Nbd2 e6 5. Be2 Be7 6. O-O Nbd7 7. c4 c6 8. a3
a5 9. b3 O-O 10. Bb2 h6 11. Qc2 Bf5 12. Bd3 Bxd3 13. Qxd3 Nh7 14. e4 dxe4 15.
Qxe4 Ng5 16. Nxg5 Bxg5 17. f4 Bf6 18. Qc2 Qc7 19. Ne4 Be7 20. f5 exf5 21. Rxf5
Nf6 22. Nxf6+ Bxf6 23. Raf1 Bg5 24. d5 cxd5 25. Rxd5 Rad8 26. Qc3 Qb6+ 27. c5
Bf6 28. cxb6 1-0

[Event "Bad Woerishofen op"]
[Site "?"]
[Date "2000.??.??"]
[Round "3"]
[White "Semmler, Guenther"]
[Black "Ries, Berthold"]
[Result "1-0"]
[WhiteElo "2130"]
[BlackElo "1850"]
[PlyCount "81"]
[EventDate "2000.??.??"]

1. Nf3 c5 2. c4 Nc6 3. d4 cxd4 4. Nxd4 Nf6 5. Nc3 g6 6. e4 d6 7. Be2 Bg7 8. Nc2
O-O 9. O-O b6 10. Be3 Bb7 11. Qd2 Rc8 12. b3 h5 13. h3 Qd7 14. Rad1 Rfd8 15.
Bf4 Kh7 16. Rfe1 Ne8 17. Bg5 f6 18. Be3 f5 19. exf5 Qxf5 20. Bd3 Qa5 21. Ne4
Bf6 22. Qxa5 Nxa5 23. Ng5+ Bxg5 24. Bxg5 Nc6 25. Bxe7 Rd7 26. Bg5 Ne5 27. Bf1
Rf7 28. f4 Nd7 29. Nd4 Ng7 30. Nb5 Ne8 31. Rxe8 Rxe8 32. Nxd6 Ref8 33. Nxb7 Nc5
34. Nxc5 bxc5 35. Rd6 Re8 36. Bd3 Rg8 37. g4 hxg4 38. hxg4 Rgg7 39. Bf6 Rd7 40.
Rd5 Rgf7 41. g5 1-0

[Event "Bad Woerishofen op"]
[Site "?"]
[Date "2000.??.??"]
[Round "6"]
[White "Semmler, Guenther"]
[Black "Schellmann, Frank"]
[Result "1/2-1/2"]
[WhiteElo "2130"]
[BlackElo "1850"]
[PlyCount "43"]
[EventDate "2000.??.??"]

1. Nf3 Nf6 2. d4 g6 3. g3 Bg7 4. Bg2 O-O 5. O-O d5 6. Nbd2 Bf5 7. c4 c6 8. Re1
Ne4 9. e3 Nxd2 10. Nxd2 dxc4 11. Nxc4 Be6 12. Na3 f5 13. Qc2 Na6 14. Bd2 Bd5
15. Bf1 Nc7 16. b4 Ne6 17. Be2 Ng5 18. h4 Nf3+ 19. Bxf3 Bxf3 20. Qc4+ Qd5 21.
Qxd5+ Bxd5 22. Rec1 1/2-1/2

[Event "Bad Woerishofen op"]
[Site "?"]
[Date "2000.??.??"]
[Round "8"]
[White "Semmler, Guenther"]
[Black "Schenk, Uwe"]
[Result "0-1"]
[WhiteElo "2130"]
[BlackElo "2147"]
[PlyCount "82"]
[EventDate "2000.??.??"]

1. e4 c5 2. Nf3 e6 3. d4 cxd4 4. Nxd4 Nf6 5. Nc3 Nc6 6. Ndb5 d6 7. a4 a6 8. Na3
Be7 9. Be2 O-O 10. O-O b6 11. Bf4 Bb7 12. Bf3 Qc7 13. Qd2 Rad8 14. Rfd1 h6 15.
Qe3 Rfe8 16. h3 e5 17. Bg3 Nd4 18. Qd3 Bf8 19. Rd2 g6 20. Be2 Bg7 21. Nc4 Qc6
22. Bf3 Nxf3+ 23. gxf3 Bc8 24. Nd5 b5 25. axb5 axb5 26. Nce3 Bxh3 27. Ra7 Nxd5
28. Nxd5 Rd7 29. Qa3 Rxa7 30. Qxa7 Qa8 31. Qxa8 Rxa8 32. Nc7 Ra1+ 33. Kh2 Bf1
34. f4 exf4 35. Bxf4 Bxb2 36. Rxd6 Be2 37. Rd8+ Kg7 38. e5 g5 39. Ne8+ Kg6 40.
Rd6+ Kf5 41. Rf6+ Kg4 0-1

[Event "Bad Woerishofen op"]
[Site "?"]
[Date "2000.??.??"]
[Round "2"]
[White "Semmler, Josef"]
[Black "Heinig, Wolfram"]
[Result "0-1"]
[WhiteElo "1934"]
[BlackElo "2287"]
[PlyCount "70"]
[EventDate "2000.??.??"]

1. e4 c5 2. Nf3 e6 3. d4 cxd4 4. Nxd4 a6 5. Nc3 Qc7 6. Bd3 Nf6 7. O-O Be7 8.
Be3 d6 9. Qe2 Nc6 10. Nxc6 bxc6 11. f4 O-O 12. g4 Re8 13. g5 Nd7 14. h4 Bf8 15.
e5 dxe5 16. Ne4 Bb7 17. f5 c5 18. g6 fxg6 19. fxg6 c4 20. gxh7+ Kh8 21. Ng5 Nf6
22. Bg6 Re7 23. Qf2 Qc6 24. Be4 Qe8 25. Bxb7 Rxb7 26. Qg2 Rab8 27. b3 cxb3 28.
axb3 Rb4 29. Rxf6 gxf6 30. Ne4 Bg7 31. Bc5 f5 32. Bxb4 Rxb4 33. Nf2 e4 34. Re1
Qh5 35. Nd3 exd3 0-1

[Event "Bad Woerishofen op"]
[Site "?"]
[Date "2000.??.??"]
[Round "4"]
[White "Semmler, Josef"]
[Black "Eichler, Gottfried"]
[Result "1/2-1/2"]
[WhiteElo "1934"]
[BlackElo "2173"]
[PlyCount "76"]
[EventDate "2000.??.??"]

1. e4 c6 2. d4 d5 3. Nc3 dxe4 4. Nxe4 Nd7 5. Nf3 Ngf6 6. Nxf6+ Nxf6 7. Bc4 e6
8. O-O Be7 9. c3 O-O 10. Bg5 h6 11. Bxf6 Bxf6 12. Qe2 Qc7 13. Qe4 g6 14. Rfe1
c5 15. Rac1 Rb8 16. Ne5 Bxe5 17. dxe5 Qe7 18. Qe3 Kg7 19. Rcd1 b5 20. Be2 Rb6
21. Rd2 Bb7 22. Red1 Bd5 23. Bf3 Bxf3 24. Qxf3 Qg5 25. Qe2 Rb7 26. g3 Qe7 27.
Rd6 Rc8 28. R1d3 Rcc7 29. f4 b4 30. c4 a5 31. Qe4 Ra7 32. Rc6 Qe8 33. Rcd6 Qa4
34. f5 exf5 35. Qh4 Rd7 36. Qf6+ Kh7 37. b3 Rxd6 38. Rxd6 Qxa2 1/2-1/2